Atlas of Human Anatomy (Record no. 1710)

MARC details
000 -LEADER
Fixed length control field 00583nam a2200217Ia 4500
003 - CONTROL NUMBER IDENTIFIER
Control field IIN
005 - DATE AND TIME OF LATEST TRANSACTION
Control field 20250328113854.0
008 - FIXED-LENGTH DATA ELEMENTS--GENERAL INFORMATION
Fixed length control field 250328s9999 xx ad 001 0 eng d
020 ## - INTERNATIONAL STANDARD BOOK NUMBER / ISBN
Price Rs.2395.00
International Standard Book Number 9780323793742
040 ## - CATALOGING SOURCE
Original cataloging agency IIN
Language of cataloging English
082 ## - DEWEY DECIMAL CLASSIFICATION NUMBER
Classification number 611
Book Number NET
100 1# - MAIN ENTRY--PERSONAL NAME
Personal name Netter, Frank H.
245 #2 - TITLE STATEMENT
Title Atlas of Human Anatomy
Sub title Classic Regional Approach
Statement of responsibility Frank H. Netter
250 ## - EDITION STATEMENT
Edition statement 8th ed
260 ## - IMPRINT
Name of publisher Elsevier
Place of publication Philadelphia
Date of publication 2023
300 ## - PHYSICAL DESCRIPTION
Page / Vol. No 556 p.
Other physical details col. ill.
500 ## - GENERAL NOTE
General note Includes Index
650 1# - SUBJECT ADDED ENTRY--TOPICAL TERM
Topical term Anatomy
650 1# - SUBJECT ADDED ENTRY--TOPICAL TERM
Topical term Human Anatomy
942 ## - ADDED ENTRY ELEMENTS (KOHA)
Koha item type Books
Holdings
Withdrawn status Lost status Source of classification Damaged status Not for loan Collection code Home library Current library Shelving location Date acquired Price Total Checkouts Call number Accession number Date last seen Price effective from Koha item type
    Dewey Decimal Classification     Purches Book IDEAL INSTITUTE OF NURSING IDEAL INSTITUTE OF NURSING General Stacks 11/03/2025 2395.00   611 NET 1822 28/03/2025 28/03/2025 Books
© Ideal Institute Of Nursing, All rights reserved.         Powered by Koha